Moving up to millions : the life calculator guide to wealth
n Moving Up to Millions: The Life Calculator Guide to Wealth financial guru and former California State Controller Kathleen Connell outlines a dynamic and digitally accessible interactive approach to securing anyone’s financial future. It contains practical advice on overcoming life’s adverse finan...
保存先:
| 第一著者: | |
|---|---|
| フォーマット: | 図書 |
| 言語: | Undetermined |
| 出版事項: |
Hoboken, NJ
J. Wiley & Sons
2007
|
| 主題: | |
| タグ: |
タグ追加
タグなし, このレコードへの初めてのタグを付けませんか!
|
| Thư viện lưu trữ: | Trung tâm Học liệu Trường Đại học Cần Thơ |
|---|
| LEADER | 01217nam a2200217Ia 4500 | ||
|---|---|---|---|
| 001 | CTU_162530 | ||
| 008 | 210402s9999 xx 000 0 und d | ||
| 020 | |c 24.95 | ||
| 082 | |a 332.2401 | ||
| 082 | |b C743 | ||
| 100 | |a Connell, Kathleen M. | ||
| 245 | 0 | |a Moving up to millions : | |
| 245 | 4 | |b the life calculator guide to wealth | |
| 245 | 0 | |c Kathleen Connell | |
| 260 | |a Hoboken, NJ | ||
| 260 | |b J. Wiley & Sons | ||
| 260 | |c 2007 | ||
| 520 | |a n Moving Up to Millions: The Life Calculator Guide to Wealth financial guru and former California State Controller Kathleen Connell outlines a dynamic and digitally accessible interactive approach to securing anyone’s financial future. It contains practical advice on overcoming life’s adverse financial events as well as a winning game plan that can be instantly updated for these uncertain times. It also includes a sophisticated, yet easy-to-use financial calculator that enables readers to create an unlimited number of personalized, real-time “what if” scenarios and calculate their optimal financial plan | ||
| 650 | |a Finance, Personal,Tài chính cá nhân | ||
| 910 | |a Nguyên | ||
| 980 | |a Trung tâm Học liệu Trường Đại học Cần Thơ | ||